[Event "Agzamov mem"]
[Site "Tashkent"]
[Date "1986.??.??"]
[Round "7"]
[White "Novikov, Igor A"]
[Black "Khasin, Alexander"]
[Result "1/2-1/2"]
[WhiteElo "2490"]
[BlackElo "2420"]

1.d4 Nf6 2.c4 e6 3.Nf3 Bb4+ 4.Nbd2 b6 5.a3 Bxd2+ 6.Qxd2 Bb7 7.e3 O-O 8.Bd3 Ne4
9.Qc2 f5 10.O-O a5 11.b3 d6 12.Nd2 Qh4 13.f3 Nxd2 14.Bxd2 Nd7 15.b4 axb4
16.axb4 Qe7 17.Bc3 Qg5 18.Qf2 e5 19.f4 exf4 20.exf4 Qg6 21.d5 b5 22.Ra7 bxc4
23.Rxb7 cxd3 24.Rxc7 Rf7 25.Qe3 Nf6 26.Rxf7 Nxd5 27.Qxd3 Qxf7 28.Bd2 Qa7+
29.Kh1 Qa2 30.Be1 Re8 31.Bg3  1/2-1/2

[Event "Altensteig"]
[Site "Altensteig"]
[Date "1987.??.??"]
[Round "?"]
[White "Hertneck, Gerald"]
[Black "Bischoff, Klaus"]
[Result "1-0"]
[WhiteElo "2450"]
[BlackElo "2485"]

1.d4 Nf6 2.Nf3 e6 3.c4 Bb4+ 4.Nbd2 d5 5.Qa4+ Nc6 6.a3 Be7 7.Ne5 Bd7 8.Nxd7 Nxd7
9.e3 O-O 10.Bd3 dxc4 11.Qxc4 Nf6 12.Nf3 Bd6 13.b4 e5 14.b5 Nxd4 15.Ng5 Ne6
16.Nxe6 fxe6 17.Qxe6+ Kh8 18.Qc4 e4 19.Be2 Qd7 20.O-O Rae8 21.a4 Ng4 22.Bxg4 Qxg4
23.Ba3 Re5 24.f4 Rh5 25.Qxe4 Qh4 26.h3 Re5 27.Qd4 Re6 28.Bxd6 cxd6 29.Qxa7 Qe7
30.Ra3 Re4 31.Rd3 Rc8 32.a5 Rb4 33.Qb6 Rc5 34.Rxd6 Qxe3+ 35.Kh1 h6 36.f5 Kh7
37.Rd7  1-0

[Event "Beersheba"]
[Site "Beersheba"]
[Date "1987.??.??"]
[Round "?"]
[White "Greenfeld, Alon"]
[Black "Shvidler, Eliahu"]
[Result "1-0"]
[WhiteElo "2515"]
[BlackElo "2450"]

1.d4 Nf6 2.Nf3 e6 3.c4 Bb4+ 4.Nbd2 a5 5.a3 Bxd2+ 6.Bxd2 a4 7.Bg5 h6 8.Bh4 d6
9.e3 Qe7 10.Bd3 Nbd7 11.O-O g5 12.Bg3 h5 13.Nxg5 h4 14.Bf4 e5 15.Re1 Kf8
16.c5 Kg7 17.Bc4 exf4 18.exf4 Qf8 19.Bxf7 dxc5 20.Qc2 Rh6 21.Ne6+ Kxf7 22.Nxf8 Nxf8
23.f5 c6 24.dxc5 Nd5 25.Rad1 Nd7 26.Qe2 N7f6 27.Rxd5 Nxd5 28.Qe8+ Kf6 29.Qf8+ Kg5
30.Qg7+ Kh5 31.Re4 Rf6 32.Qh7+ Rh6 33.Qg7 Rf6 34.Rg4  1-0

[Event "Steglitz-ch"]
[Site "Berlin-West"]
[Date "1987.??.??"]
[Round "?"]
[White "Breutigam, Martin"]
[Black "Schacht, Holger"]
[Result "1/2-1/2"]
[WhiteElo "2275"]
[BlackElo "2280"]

1.d4 Nf6 2.c4 e6 3.Nf3 Bb4+ 4.Nbd2 b6 5.a3 Bxd2+ 6.Bxd2 Bb7 7.Bg5 d6 8.e3 Nbd7
9.Be2 h6 10.Bxf6 Nxf6 11.O-O Ne4 12.Qc2 O-O 13.b4 Ng5  1/2-1/2

[Event "Biel schev"]
[Site "Biel"]
[Date "1987.??.??"]
[Round "?"]
[White "Huss, Andreas"]
[Black "Hund, Barbara"]
[Result "1-0"]
[WhiteElo "2375"]
[BlackElo "2370"]

1.d4 Nf6 2.Nf3 e6 3.c4 Bb4+ 4.Nbd2 b6 5.a3 Bxd2+ 6.Qxd2 Bb7 7.e3 Ne4 8.Qc2 f5
9.Bd3 d6 10.O-O Nd7 11.Nd2 Nxd2 12.Bxd2 O-O 13.b4 Qe7 14.a4 Nf6 15.f3 c5
16.a5 Rfc8 17.dxc5 dxc5 18.b5 bxa5 19.Bxa5 a6 20.b6 Rd8 21.Rfd1 Nd7 22.e4 Ne5
23.exf5 Nxd3 24.Rxd3 Qf6 25.Rad1 exf5 26.Rd7 Rxd7 27.Rxd7 Qa1+ 28.Kf2 Bc6
29.Bc3  1-0

[Event "Noviki-C"]
[Site "Budapest"]
[Date "1987.??.??"]
[Round "?"]
[White "Serrer, Christoph"]
[Black "Mantovani, Renzo"]
[Result "0-1"]
[WhiteElo "2310"]
[BlackElo "2265"]

1.Nf3 Nf6 2.c4 e6 3.d4 Bb4+ 4.Nbd2 d5 5.a3 Bxd2+ 6.Bxd2 dxc4 7.Qa4+ Nc6 8.Qxc4 O-O
9.g3 Ne4 10.Bc3 Nxc3 11.Qxc3 Qd6 12.Bg2 Rd8 13.e3 Ne7 14.Rc1 c6 15.O-O b6
16.Ne5 Ba6 17.Rfe1 Rac8 18.b4 Nd5 19.Qb2 f6 20.Nc4 Qd7 21.Red1 Bb5 22.Bf3 Ne7
23.Qb3 g6 24.Nd2 Kg7 25.a4 Ba6 26.Ne4 Nd5 27.Nc3 Bb7 28.Ne4 Qe7 29.b5 cxb5
30.axb5 Rxc1 31.Rxc1 Rc8 32.Ra1 Ba8 33.Kg2 Rc7 34.Ra4 Qd8 35.Qa3 Qd7 36.h4 Qe7
37.Qb2 Qd8 38.g4 Qd7 39.g5 fxg5 40.Nxg5 h6 41.Ne4 a5 42.Ra1 Qc8 43.h5 Nxe3+
44.Kg1 Rc2 45.Qa3 Nd5 46.Re1 Nb4 47.Qe3 Nd5 48.Qa3 g5 49.Qd6 Rc1 50.Qe5+ Kg8
51.Rxc1 Qxc1+ 52.Kg2 Nf4+ 53.Kh2 Bxe4 54.Bxe4 Qc8 55.d5 Qc5 56.Qb8+ Kg7 57.Qe5+ Kg8
58.Qb8+ Kf7 59.dxe6+ Kxe6 60.Qe8+ Kd6 61.Kg1 Qc1+ 62.Kh2 Qf1 63.Bc6 Qh3+
64.Kg1 Qg4+ 65.Kf1 Qd1+ 66.Qe1 Qxe1+ 67.Kxe1 Nxh5  0-1

[Event "Camaguey-A"]
[Site "Camaguey"]
[Date "1987.??.??"]
[Round "?"]
[White "Garcia Palermo, Carlos"]
[Black "Vilela, Jose Luis"]
[Result "1/2-1/2"]
[WhiteElo "2530"]
[BlackElo "2400"]

1.d4 Nf6 2.c4 e6 3.Nf3 Bb4+ 4.Nbd2 b6 5.a3 Bxd2+ 6.Qxd2 Bb7 7.e3 d6 8.Be2 Nbd7
9.O-O O-O 10.b4 Qe7 11.Bb2 Rfd8 12.Rfd1 Nf8 13.d5 e5 14.Qc2 Ng6 15.a4 a5
16.bxa5 Rxa5 17.Bc3 Ra7 18.a5 bxa5 19.Rxa5 Rxa5 20.Bxa5 Ra8 21.Bb4 Qe8 22.Rb1 Ba6
23.Bf1 h6 24.Nd2 Rb8 25.Bd3 c5 26.dxc6 Qxc6 27.Bxg6 fxg6 28.Qxg6 e4 29.h3 Bxc4
30.Bc3 Rxb1+ 31.Nxb1 Bf7 32.Qg3 Ne8 33.Qh4 Ba2 34.Qe7 Bxb1 35.Qe6+ Kf8 36.Qf5+ Ke7
37.Bd4 Ba2 38.Qg6 Bf7 39.Qh7 Qd5 40.Bxg7 Nxg7 41.Qxg7 Qe6 42.Qc3 Qf6 43.Qb4 Qa1+
44.Kh2 Qe5+ 45.Kg1 Kf6 46.Kh1 Kg7 47.Kg1 h5 48.Qa4 Be8 49.Qa7+ Kg6 50.Qa8 Bf7
51.Qa4 Kf6 52.Qa8 Kg7 53.Qa4 Qc3 54.Qd1 d5 55.Qb1 Bg6 56.Kh2 Qc7+ 57.Kg1 Qc3
58.Kh2 d4 59.exd4 Qxd4 60.Qc2 Qe5+ 61.Kg1 Be8 62.Qd2 Bc6 63.Qc1 Bb5 64.Qe3 Qd5
65.Qf4 Kg6 66.Kh1 Qf5 67.Qd6+ Kf7 68.Kg1 Bd7 69.Kh2 Be6 70.Qc7+ Kg6 71.Kg1 Bd5
72.Qd6+ Kf7 73.Qc7+ Kg6 74.Qd6+ Kg7 75.Qe7+ Bf7 76.Qd6 Qd5 77.Qe7 Kg6 78.Kh1 Kf5
79.Kg1 Qd1+ 80.Kh2 Qd5 81.Kg1 Qe6 82.Qc5+ Qe5 83.Qa7 Kf6 84.Qb6+ Be6 85.Qa7 Qc3
86.Qa8 Qc1+ 87.Kh2 Qf4+ 88.Kg1 Bf7 89.Qc6+ Kg7 90.Qc3+ Kh7 91.Qc2 Bg6 92.Qc5 Qf5
93.Qc7+ Kg8 94.Qd8+ Kg7 95.Qc7+ Qf7 96.Qc3+ Qf6 97.Qc7+ Kf8 98.Qb8+ Be8 99.Qb4+ Qe7
100.Qd4 Qe6 101.Qc5+ Kg7 102.Qg5+ Bg6 103.Qf4 Qe7 104.Kh2 h4 105.Kg1 Qf6
106.Qc7+ Bf7 107.Qa7 Kg6 108.Qc5 Be8 109.Qc7 Bc6 110.Qa7 Qd6 111.Qe3 Kf5
112.Qe2 Qg6 113.Qc2 Qd6 114.f3 Qd4+ 115.Kh2 Qe5+ 116.Kg1 Qd4+ 117.Kh2 Qe5+
118.Kg1 Bb7 119.fxe4+ Qxe4 120.Qc5+ Kf4 121.Qf8+  1/2-1/2

[Event "Camaguey-B"]
[Site "Camaguey"]
[Date "1987.??.??"]
[Round "?"]
[White "Frey, Kenneth"]
[Black "Lebredo, Gerardo"]
[Result "0-1"]
[WhiteElo "2430"]
[BlackElo "2395"]

1.Nf3 Nf6 2.c4 e6 3.d4 Bb4+ 4.Nbd2 b6 5.e3 Bb7 6.Bd3 O-O 7.O-O c5 8.dxc5 Bxc5
9.Qe2 Nc6 10.a3 a5 11.b3 Qe7 12.Bb2 d6 13.Ng5 e5 14.Nge4 Nxe4 15.Bxe4 Na7
16.Qd3 Bxe4 17.Nxe4 Rfd8 18.Nc3 Qb7 19.Rfd1 Rab8 20.Ne4 Nc6 21.Nc3 Na7 22.a4 Nc6
23.Nd5 Rf8 24.Kh1 Ne7 25.Qe2 f5 26.f4 Nxd5 27.Rxd5 exf4 28.exf4 Rbe8 29.Qd2 Re4
30.Bd4 Rfe8 31.Bxc5 bxc5 32.Rxd6 Re2  0-1

[Event "HUN-ch op"]
[Site "Eger"]
[Date "1987.??.??"]
[Round "?"]
[White "Restas, Peter"]
[Black "Eperjesi, Laszlo"]
[Result "0-1"]
[WhiteElo "2240"]
[BlackElo "2325"]

1.d4 Nf6 2.c4 e6 3.Nf3 Bb4+ 4.Nbd2 b6 5.e3 Bb7 6.Bd3 O-O 7.O-O d5 8.a3 Bd6
9.b4 c5 10.dxc5 bxc5 11.b5 Nbd7 12.Bb2 Qc7 13.h3 Rfd8 14.Qc2 Rac8 15.a4 dxc4
16.Nxc4 Bxf3 17.gxf3 Ne5 18.Bxe5 Bxe5 19.Rab1 Rd5 20.Rfd1 Bh2+ 21.Kf1 Rh5
22.a5 Nd5 23.b6 axb6 24.axb6 Qb8 25.b7 Rf8 26.f4 Nb4 27.Rxb4 cxb4 28.Be4 f5
29.Bg2 Qc7 30.Qb3 g5 31.Nd6 Rh6 32.Qxb4 gxf4 33.Rb1 Rb8 34.Nb5 Qc2 35.Qb3 Qxb3
36.Rxb3 fxe3 37.fxe3 Rd8 38.Nd4 e5 39.Nc6 Rxc6 40.Bxc6 e4 41.Rb5 Rf8 42.Bd7 f4
43.exf4 Bxf4 44.Bc8 Bb8+ 45.Ke2 Rf6 46.Ke3 Kf7 47.Kxe4 Ke7 48.Rd5 Rd6 49.Rg5 Rg6
50.Ra5 Rb6 51.Ra8 Bh2 52.Kf5 Rb5+ 53.Kg4 Rb4+ 54.Kh5 Rb5+ 55.Kh6 Kf7 56.Ra2 Bf4+  0-1

[Event "Espergaerde"]
[Site "Espergaerde"]
[Date "1987.??.??"]
[Round "2"]
[White "Hutters, Tomas"]
[Black "Ksieski, Zbigniew"]
[Result "0-1"]
[WhiteElo "2285"]
[BlackElo "2370"]

1.d4 Nf6 2.Nf3 e6 3.c4 Bb4+ 4.Nbd2 d5 5.a3 Be7 6.Qc2 a5 7.b3 b6 8.e4 Bb7
9.cxd5 exd5 10.e5 Ne4 11.Bd3 Nxd2 12.Bxd2 Ba6 13.e6 fxe6 14.Bxh7 Bf6 15.Bg6+ Kd7
16.Rc1 Ra7 17.Bd3 Kc8 18.O-O Qd6 19.b4 Bxd3 20.Qxd3 Nc6 21.g3 axb4 22.Bf4 Qd7
23.axb4 Nxb4 24.Qb3 Qb5 25.Rc3 c5 26.Rfc1 Kb7 27.Rxc5 bxc5  0-1

[Event "Guernsey op"]
[Site "Guernsey"]
[Date "1987.??.??"]
[Round "?"]
[White "Brooks, Michael A"]
[Black "Carlier, Bruno"]
[Result "0-1"]
[WhiteElo "2335"]
[BlackElo "2360"]

1.d4 Nf6 2.c4 e6 3.Nf3 Bb4+ 4.Nbd2 b6 5.g3 Bb7 6.Bg2 O-O 7.O-O d5 8.Ne5 Bd6
9.Ndf3 Ne4 10.Qa4 Qe7 11.Be3 c5 12.Rfd1 cxd4 13.Bxd4 f6 14.Nd3 e5 15.Be3 d4
16.Bc1 Nc5 17.Nxc5 bxc5 18.Nh4 Bxg2 19.Nxg2 Qe6 20.Qc2 Nc6 21.Bd2 f5 22.Rdc1 Rab8
23.Rab1 Be7 24.b3 g5 25.Rf1 e4 26.Qc1 Qg6 27.Kh1 Kh8 28.Qd1 Qh5 29.e3 Qh3
30.f4 exf3 31.Qxf3 Ne5 32.Qf2 Ng4 33.Qg1 d3 34.Bc3+ Kg8 35.Rfd1 Bd6 36.Ne1 Bxg3
37.Rb2 Bxe1 38.Bxe1 Qf3+  0-1

[Event "Hamburg-ch"]
[Site "Hamburg"]
[Date "1987.??.??"]
[Round "?"]
[White "Michaelsen, Nils"]
[Black "Cordes, Hans Joerg"]
[Result "1/2-1/2"]
[WhiteElo "2205"]
[BlackElo "2305"]

1.d4 Nf6 2.c4 e6 3.Nf3 Bb4+ 4.Nbd2 b6 5.a3 Bxd2+ 6.Bxd2 Ne4 7.Bf4 d6 8.e3 Nd7
9.Bd3 Bb7 10.O-O f5 11.Bxe4 Bxe4 12.Ng5 Qf6 13.Nxe4 fxe4 14.Qa4 e5 15.dxe5 dxe5
16.Bg3 c6 17.Rad1 h5 18.f3 h4 19.Be1 Nc5 20.Qc2 Qg5 21.fxe4 Qxe3+ 22.Bf2 Qxe4
23.Qxe4 Nxe4 24.Rfe1 Nxf2 25.Rxe5+ Kf7 26.Kxf2 Rad8 27.Rxd8 Rxd8 28.Ke2 Kf6
29.Re4 g5 30.h3 Rd7 31.Re8 Kf5 32.Ke3 Rd1 33.Rf8+ Ke6 34.Re8+ Kf6 35.Rf8+ Ke6  1/2-1/2

[Event "POL-chT"]
[Site "Jachranka"]
[Date "1987.??.??"]
[Round "9"]
[White "Grabowski, Andrzej"]
[Black "Krainski, Aleksander"]
[Result "1-0"]
[WhiteElo "2285"]
[BlackElo "2270"]

1.d4 Nf6 2.c4 e6 3.Nf3 Bb4+ 4.Nbd2 b6 5.a3 Be7 6.e4 d5 7.e5 Nfd7 8.cxd5 exd5
9.Bd3 c5 10.O-O Nc6 11.Re1 O-O 12.Nf1 Nxd4 13.Nxd4 cxd4 14.b4 a5 15.Bd2 Ba6
16.Bf5 Qc7 17.Rc1 Bc4 18.Bf4 axb4 19.Qg4 Nc5 20.axb4 Nb3 21.Qh3 g6 22.Qxb3 gxf5
23.Qh3 Qc6 24.Ng3 Ra3 25.Nxf5 Bxb4 26.g3 Re8 27.e6 Rxe6 28.Nxd4 Rxe1+ 29.Rxe1 Qg6
30.Qc8+ Kg7 31.g4 Bd3 32.Re8 Ra1+ 33.Kg2 Be4+ 34.Kh3 Ra3+ 35.f3 Bxf3 36.Rg8+ Kf6
37.Rxg6+ hxg6 38.Qc6+ Kg7 39.Be5+ Kh7 40.Nxf3 Rxf3+ 41.Kg2  1-0

[Event "Jurmala"]
[Site "Jurmala"]
[Date "1987.??.??"]
[Round "?"]
[White "Razuvaev, Yuri S"]
[Black "Kosten, Anthony C"]
[Result "1-0"]
[WhiteElo "2490"]
[BlackElo "2495"]

1.d4 Nf6 2.c4 e6 3.Nf3 Bb4+ 4.Nbd2 d5 5.a3 Be7 6.g3 O-O 7.Bg2 a5 8.b3 c5
9.cxd5 exd5 10.Bb2 Nc6 11.O-O Bf5 12.dxc5 Bxc5 13.e3 Re8 14.Rc1 Ba7 15.Nb1 Bg4
16.h3 Bh5 17.Bxf6 Qxf6 18.Qxd5 Bg6 19.Qb5 Qe7 20.Nh4 Rab8 21.Nxg6 hxg6 22.Rfd1 Rec8
23.a4 Rc7 24.Nd2 Bxe3 25.fxe3 Qxe3+ 26.Kh2 Nd4 27.Qxa5 Rxc1 28.Rxc1 Ne2 29.Qc7 Re8
30.Rd1 Re5 31.Nf3 Re8 32.Rd8 Rxd8 33.Qxd8+  1-0

[Event "London Peace"]
[Site "London"]
[Date "1987.??.??"]
[Round "?"]
[White "Crouch, Colin S"]
[Black "Todorovic, N."]
[Result "1/2-1/2"]
[WhiteElo "2325"]
[BlackElo "2415"]

1.d4 Nf6 2.c4 e6 3.Nf3 Bb4+ 4.Nbd2 d5 5.e3 O-O 6.Qc2 Nbd7 7.Bd3 dxc4 8.Qxc4 Bd6
9.O-O e5 10.dxe5 Nxe5 11.Nxe5 Bxe5 12.Nf3 Bd6 13.e4 Be6 14.Qc2 Ng4 15.e5 Nxe5
16.Bxh7+ Kh8 17.Nxe5 Bxe5 18.Be4 Bd5 19.g3 Re8 20.Bxd5 Qxd5 21.Be3 Bd6 22.Rfd1 Qe4
23.Qb3 Kg8 24.Rd4 Qf3 25.Rad1 Re6 26.Qd5 Qxd5 27.Rxd5 a6 28.Kg2 Rae8 29.b3 Re5
30.Rxe5 Bxe5 31.Kf3 Bd6 32.h4 f6 33.Rd2 Kf7 34.Bf4 Bxf4 35.Kxf4 Re7 36.f3 c5
37.g4 Rc7 38.Rc2 b5 39.Ke4 Ke6 40.h5 Rc8 41.f4 Rc7 42.g5 fxg5 43.fxg5 c4
44.bxc4 bxc4 45.Kd4 Kf5 46.h6 g6 47.Rxc4  1/2-1/2

[Event "Moscow-A"]
[Site "Moscow"]
[Date "1987.??.??"]
[Round "?"]
[White "Malaniuk, Vladimir P"]
[Black "Razuvaev, Yuri S"]
[Result "1-0"]
[WhiteElo "2575"]
[BlackElo "2510"]

1.d4 Nf6 2.c4 e6 3.Nf3 Bb4+ 4.Nbd2 b6 5.a3 Bxd2+ 6.Bxd2 Bb7 7.Bg5 d6 8.e3 Nbd7
9.Bh4 h6 10.Nd2 c5 11.Be2 O-O 12.O-O Re8 13.Re1 Qc7 14.Rc1 e5 15.dxe5 dxe5
16.f3 e4 17.f4 Qc6 18.Qc2 Nf8 19.Red1 Ng6 20.Be1 h5 21.Nf1 Rad8 22.h3 Bc8
23.Bc3 h4 24.Rd2 Ne7 25.Rcd1 Rxd2 26.Rxd2 Nf5 27.Qd1 Nh7 28.Bg4 Qg6 29.Qa4 Rf8
30.Qxa7 Ng3 31.Bxc8 Rxc8 32.Qd7 Ra8 33.Rd6 Qh5 34.Nxg3 hxg3 35.Kf1 Nf6 36.Bxf6 gxf6
37.Rxf6 Ra7 38.Qd8+ Kg7 39.Rd6  1-0

[Event "Namestovo"]
[Site "Namestovo"]
[Date "1987.??.??"]
[Round "10"]
[White "Rantanen, Yrjo A"]
[Black "Stohl, Igor"]
[Result "1/2-1/2"]
[WhiteElo "2410"]
[BlackElo "2450"]

1.d4 Nf6 2.c4 e6 3.Nf3 Bb4+ 4.Nbd2 d5 5.e3 O-O 6.a3 Be7 7.Bd3 b6 8.Qc2 Bb7
9.b4 Nbd7 10.Bb2 c5 11.dxc5 bxc5 12.b5 a6 13.bxa6 Bxa6 14.O-O Qc7 15.Rfc1 Rfb8
16.Rab1 h6 17.Bf1 Rb6 18.Bc3 Bb7 19.Rxb6 Nxb6 20.Be5 Qc6 21.Qb2 Nxc4 22.Bxc4 dxc4
23.Nxc4  1/2-1/2

[Event "New York op"]
[Site "New York"]
[Date "1987.??.??"]
[Round "?"]
[White "Shapiro, Daniel E"]
[Black "Silman, Jeremy D"]
[Result "1-0"]
[WhiteElo "2370"]
[BlackElo "2345"]

1.d4 Nf6 2.Nf3 e6 3.c4 Bb4+ 4.Nbd2 d5 5.e3 O-O 6.Bd3 c5 7.O-O cxd4 8.exd4 b6
9.Qe2 Bb7 10.a3 Bxd2 11.Bxd2 dxc4 12.Bxc4 Nc6 13.Rfd1 h6 14.Rac1 Qd6 15.g3 Rfd8
16.Bf4 Qe7 17.Bd3 Rac8 18.Be5 Nd7 19.h4 Ncxe5 20.Nxe5 Nf6 21.Bc4 Rd6 22.f4 Rcd8
23.f5 Ne4 24.Qe3 Ba8 25.fxe6 fxe6 26.Bf1 Nf6 27.Rc2 Be4 28.Rf2 Qb7 29.g4 Rf8
30.Rdd2 Rdd8 31.g5 hxg5 32.hxg5 Nh7 33.g6 Nf6 34.Qh3 Bf5 35.Rxf5 exf5 36.Rh2  1-0

[Event "New York op"]
[Site "New York"]
[Date "1987.??.??"]
[Round "?"]
[White "Paunovic, Dragan"]
[Black "Silman, Jeremy D"]
[Result "1-0"]
[WhiteElo "2465"]
[BlackElo "2345"]

1.d4 Nf6 2.c4 e6 3.Nf3 Bb4+ 4.Nbd2 d5 5.a3 Be7 6.e3 O-O 7.Bd3 b6 8.O-O Bb7
9.b4 c5 10.bxc5 bxc5 11.Rb1 Qc7 12.cxd5 Nxd5 13.Qc2 h6 14.dxc5 Rc8 15.Nb3 Nd7
16.Bb2 Nxc5 17.Nxc5 Bxc5 18.Be5 Qe7 19.Qb2 f6 20.Qxb7 fxe5 21.Nxe5 Bxa3 22.Ba6 Re8
23.Nc6 Qc5 24.Qb3 Qxc6 25.Qxa3 Rab8 26.Rbc1 Qb6 27.Rfd1 Nb4 28.Bc4 a5 29.h3 Kh8
30.Be2 Red8 31.Bf3 Rbc8 32.Rxd8+ Rxd8 33.Ra1 Nc6 34.Bxc6 Qxc6 35.Qxa5 Qd6
36.g3 Rf8 37.Qa3 Qd8 38.Qc3 Qd7 39.Qd4 Qxd4 40.exd4 Rd8 41.Ra4 Rd5 42.f4 g5
43.fxg5 Rxg5 44.Kf2 Rd5 45.Ke3 Kg7 46.Ke4 Kf6 47.Ra3 Rg5 48.Rf3+ Kg6 49.Rf4 Ra5
50.h4 Rb5 51.g4 Ra5 52.Rf8 Ra1 53.h5+ Kg7 54.Rd8 Re1+ 55.Kf4 Rf1+ 56.Ke5 Re1+
57.Kd6 Re4 58.Ke7 e5 59.d5 Rxg4 60.d6 e4 61.d7 e3 62.Rg8+ Kxg8 63.d8=Q+ Kh7
64.Qd3+ Kg7 65.Qxe3 Rg5 66.Qe6 Rg1 67.Qf6+ Kh7 68.Kf7 Rg5 69.Qg6+  1-0

[Event "New York op"]
[Site "New York"]
[Date "1987.??.??"]
[Round "?"]
[White "Paunovic, Dragan"]
[Black "Morovic Fernandez, Ivan"]
[Result "0-1"]
[WhiteElo "2465"]
[BlackElo "2525"]

1.d4 Nf6 2.c4 e6 3.Nf3 Bb4+ 4.Nbd2 d5 5.a3 Be7 6.e3 O-O 7.Bd3 Nbd7 8.O-O c5
9.b3 cxd4 10.exd4 b6 11.Bb2 Bb7 12.Qe2 Re8 13.Rfd1 g6 14.Rdc1 Rc8 15.Qe3 Rc7
16.h3 Qc8 17.Bf1 Bf8 18.Ne5 dxc4 19.Nxd7 Nxd7 20.bxc4 Bg7 21.Ne4 Bxe4 22.Qxe4 Nc5
23.Qc2 Nb7 24.Qa4 Qb8 25.Rc2 Rd8 26.Rd2 Rcd7 27.Qb4 Nd6 28.Bd3 Qc7 29.g3 Nb7
30.Bf1 Na5 31.d5 Bxb2 32.Qxb2 Nxc4 33.Bxc4 Qxc4 34.d6 Qc5 35.Rc1 Qf5 36.Rc7 e5
37.Rxd7 Rxd7 38.Qc3 Qe6 39.Qc6 Qxh3 40.Rd5 Qe6 41.Rxe5 Qxd6 42.Re8+ Kg7 43.Qc8 Qc7
44.Rg8+ Kf6 45.Qf8 Rd1+ 46.Kh2 Qc6 47.Qg7+ Ke6 48.g4 Qh1+  0-1

[Event "New York op"]
[Site "New York"]
[Date "1987.??.??"]
[Round "?"]
[White "Spraggett, Kevin"]
[Black "Ochoa de Echaguen, F Javier"]
[Result "1-0"]
[WhiteElo "2550"]
[BlackElo "2430"]

1.d4 Nf6 2.Nf3 e6 3.c4 Bb4+ 4.Nbd2 d5 5.Qa4+ Nc6 6.a3 Be7 7.e3 O-O 8.Qc2 Nb8
9.Bd3 Nbd7 10.O-O c5 11.cxd5 exd5 12.b3 cxd4 13.exd4 b6 14.Bb2 Bb7 15.Rae1 Rc8
16.Qb1 g6 17.Ne5 Nh5 18.g3 f5 19.Ndf3 Ndf6 20.Ng5 Ng7 21.Nh3 Ne4 22.Qd1 Qd6
23.f3 Ng5 24.Nxg5 Bxg5 25.Re2 a6 26.Qe1 Rc7 27.Rc2 Rxc2 28.Bxc2 Re8 29.Rf2 Bd8
30.Re2 b5 31.Kh1 Bb6 32.b4 Nh5 33.Qd2 Kg7 34.Bxf5 Rf8 35.Bh3 Bc8 36.Bg2 Nf6
37.Nd3 Ng8 38.Nc5 Bd8 39.Qe1 Nf6 40.Bc1 Nh5 41.Re5 h6 42.Qd2 g5 43.f4 Qg6
44.fxg5 Bxg5 45.Qe1 Bxc1 46.Re7+ Rf7 47.Rxf7+ Qxf7 48.Qxc1 Qf2 49.Nd3 Qxd4
50.Qc7+ Kg6 51.Ne5+ Kf6 52.Qf7+ Kxe5 53.Qxh5+ Bf5 54.Qe8+ Kd6 55.Qf8+ Ke6
56.Qc8+  1-0

[Event "URS-ch otbor"]
[Site "Norilsk"]
[Date "1987.??.??"]
[Round "?"]
[White "Ruban, Vadim"]
[Black "Kholmov, Ratmir D"]
[Result "1-0"]
[WhiteElo "2320"]
[BlackElo "2450"]

1.d4 Nf6 2.c4 e6 3.Nf3 Bb4+ 4.Nbd2 b6 5.e3 Bb7 6.Bd3 O-O 7.O-O d5 8.a3 Be7
9.Qc2 Nbd7 10.b4 c5 11.cxd5 exd5 12.bxc5 bxc5 13.Rb1 Qc8 14.Ne5 Nb6 15.dxc5 Qxc5
16.Qxc5 Bxc5 17.a4 Rab8 18.a5 Nbd7 19.Bb2 Bd6 20.Nxd7 Nxd7 21.Bd4 Bc5 22.Rfc1 Bxd4
23.exd4 Rfc8 24.Rxc8+ Bxc8 25.Bf5 Rxb1+ 26.Nxb1 g6 27.Bxd7 Bxd7 28.Nc3 Bc6
29.Kf1 f6 30.Ke2 Kf7 31.Kd2 Ke6 32.Kc2 g5 33.Kb3 a6 34.Kc2 Kd6 35.Na2 Bb5
36.Nb4 Bf1 37.g3 Bc4 38.Kd2 Ke6 39.Ke3 Kf5 40.f3 Ke6 41.Kf2 Kd6 42.f4 Ke6
43.Kf3 Kf5 44.Nc2 gxf4 45.gxf4 Bd3 46.Ne3+ Ke6 47.Kg4 Be2+ 48.Kg3 Kd6 49.Kf2 Bd3
50.Ke1 h5 51.Kd2 Be4 52.Kc3 Kc6 53.Kb4 Kd6 54.Nf1 Ke6 55.Kc5 Kf5 56.Ne3+ Kxf4
57.Nxd5+ Bxd5 58.Kxd5 f5 59.Kc5 Ke3 60.d5 f4 61.d6 f3 62.d7 f2 63.d8=Q f1=Q
64.Qd4+ Ke2 65.Qc4+ Ke1 66.Qxf1+ Kxf1 67.h4  1-0

[Event "Ostend op"]
[Site "Ostend"]
[Date "1987.??.??"]
[Round "1"]
[White "Ree, Hans"]
[Black "Straat, Evert Jan"]
[Result "1-0"]
[WhiteElo "2475"]
[BlackElo "2260"]

1.c4 e6 2.Nf3 Nf6 3.d4 Bb4+ 4.Nbd2 b6 5.a3 Bxd2+ 6.Qxd2 Bb7 7.b4 a5 8.Bb2 axb4
9.axb4 Rxa1+ 10.Bxa1 d6 11.e3 Nbd7 12.Be2 Qa8 13.O-O Qa4 14.Bc3 Ne4 15.Qb2 Nxc3
16.Qxc3 Qa8 17.c5 Bxf3 18.Bxf3 d5 19.Ra1 Qb8 20.e4 dxe4 21.Bxe4 O-O 22.Ra8 Qxa8
23.Bxa8 Rxa8 24.h3 Kf8 25.Kh2 Ra7 26.Qg3 h6 27.Qc3 Ra2 28.f3 Ra7 29.d5 exd5
30.Qd4 bxc5 31.Qxd5 Ke7 32.bxc5 Ra5 33.Qe4+ Kd8 34.c6 Nf6 35.Qb4  1-0

[Event "Ostend op"]
[Site "Ostend"]
[Date "1987.??.??"]
[Round "4"]
[White "Piket, Jeroen"]
[Black "Kosten, Anthony C"]
[Result "1-0"]
[WhiteElo "2450"]
[BlackElo "2495"]

1.d4 Nf6 2.Nf3 e6 3.c4 Bb4+ 4.Nbd2 d5 5.Qa4+ Nc6 6.e3 Bd7 7.Qc2 O-O 8.a3 Be7
9.Bd3 a5 10.b3 a4 11.b4 Na7 12.O-O h6 13.Bb2 dxc4 14.Nxc4 Bb5 15.Rfd1 c6
16.Rac1 Nc8 17.Nfe5 Nd6 18.Nxd6 Bxd6 19.Qe2 Bxd3 20.Nxd3 Qb8 21.h3 Rd8 22.e4 Be7
23.Ne5 Nd7 24.Nxd7 Rxd7 25.d5 Qe8 26.dxc6 Rxd1+ 27.Qxd1 bxc6 28.Qc2 Ra6 29.Qd3 Qa8
30.b5 cxb5 31.Qd7 Bf8 32.Rc7 Kh7 33.Qxf7 e5 34.Qf5+ Rg6 35.Rc8 Qa5 36.Rc6  1-0

[Event "Pavlodar"]
[Site "Pavlodar"]
[Date "1987.??.??"]
[Round "?"]
[White "Petrosian, Arshak B"]
[Black "Ulibin, Mikhail"]
[Result "0-1"]
[WhiteElo "2510"]
[BlackElo "2240"]

1.d4 Nf6 2.c4 e6 3.Nf3 Bb4+ 4.Nbd2 O-O 5.a3 Be7 6.e4 d5 7.cxd5 exd5 8.e5 Ne4
9.Bd3 f5 10.O-O c5 11.dxc5 a5 12.Nb3 Nc6 13.Bb5 f4 14.Nbd4 Nxd4 15.Nxd4 Bxc5
16.Nb3 Bb6 17.Be2 Ng3 18.Re1 Qh4 19.Bf3 Ne4 20.Qxd5+ Kh8 21.Qxe4 Bxf2+ 22.Kf1 Bf5
23.Qe2 Bb6 24.Rd1 Rad8 25.Rxd8 Rxd8 26.g3 fxg3 27.hxg3 Qxg3 28.Be3 Bd3  0-1

[Event "POL-ch"]
[Site "?"]
[Date "1987.??.??"]
[Round "?"]
[White "Schmidt, Wlodzimierz"]
[Black "Skrobek, Ryszard"]
[Result "1/2-1/2"]
[WhiteElo "2470"]
[BlackElo "2410"]

1.d4 Nf6 2.c4 e6 3.Nf3 Bb4+ 4.Nbd2 c5 5.a3 Bxd2+ 6.Bxd2 cxd4 7.Nxd4 Nc6 8.Bc3 O-O
9.g3 Ne4 10.Rc1 Qb6 11.e3 Nxc3 12.Rxc3 d6 13.b4 a5 14.b5 Ne7 15.Bg2 e5 16.Nc2 Be6
17.e4 Qc5 18.Ne3  1/2-1/2

[Event "Bohemians"]
[Site "Prague"]
[Date "1987.??.??"]
[Round "?"]
[White "Schmidt, Wlodzimierz"]
[Black "Robatsch, Karl"]
[Result "1/2-1/2"]
[WhiteElo "2470"]
[BlackElo "2400"]

1.d4 Nf6 2.c4 e6 3.Nf3 Bb4+ 4.Nbd2 c5 5.a3 Bxd2+ 6.Bxd2 cxd4 7.Nxd4 d5 8.e3 O-O
9.cxd5 Nxd5 10.Qc2 e5 11.Nf3 Nc6 12.Bd3  1/2-1/2

[Event "PRC-ch"]
[Site "?"]
[Date "1987.??.??"]
[Round "?"]
[White "Lin Ta"]
[Black "Xu Jun"]
[Result "1/2-1/2"]
[WhiteElo "2345"]
[BlackElo "2505"]

1.d4 Nf6 2.c4 e6 3.Nf3 Bb4+ 4.Nbd2 b6 5.a3 Bxd2+ 6.Bxd2 Bb7 7.Bg5 d6 8.e3 Nbd7
9.Bd3 h6 10.Bh4 c5 11.O-O Qc7 12.Rc1 O-O 13.Nd2 Rfe8 14.Qe2 Rac8 15.dxc5 Qxc5
16.b4 Qh5 17.Qxh5 Nxh5 18.Be4 d5 19.cxd5 Bxd5 20.Bd3 g5 21.Bb5 Rxc1 22.Rxc1 Rd8
23.Bg3 Nxg3 24.hxg3 Ne5 25.f3 g4 26.Be2 Bc6 27.Rc2 Ba4 28.Ra2 Nd3 29.Bf1 Ne5
30.f4 Nc6 31.Ne4 Kg7 32.Nc3 Bd1 33.Ra1 Bc2 34.Bb5 Ne7 35.Ra2 Bg6 36.Ba6 Rd7
37.Kf2 Rc7 38.Nb5 Rc1 39.Nxa7 Nd5 40.Rd2 Nc3 41.Bb7 Nb1 42.Rd7 Rc2+ 43.Kg1 Nxa3
44.Nc6 Nc4 45.Nd4 Rc1+ 46.Kf2 e5 47.Ne2 Rc2 48.Ba6 exf4 49.gxf4 g3+ 50.Kxg3 Rxe2
51.Bxc4 Rxe3+ 52.Kh2 Re4 53.f5 Rxc4 54.fxg6 Rxb4  1/2-1/2

[Event "FRA-ch"]
[Site "Rouen"]
[Date "1987.??.??"]
[Round "9"]
[White "Thebault, Bernard"]
[Black "Lecuyer, Christian"]
[Result "0-1"]
[WhiteElo "2200"]
[BlackElo "2310"]

1.d4 Nf6 2.Nf3 e6 3.c4 Bb4+ 4.Nbd2 b6 5.a3 Bxd2+ 6.Bxd2 Bb7 7.Bg5 d6 8.e3 Nbd7
9.Be2 h6 10.Bh4 g5 11.Bg3 h5 12.h3 h4 13.Bh2 Qe7 14.Qa4 Ne4 15.Rc1 c5 16.dxc5 Nxc5
17.Qd1 e5 18.b4 Ne4 19.Qa4 Kf8 20.Bd3 g4 21.hxg4 h3 22.Bg1 Nef6 23.g5 e4
24.gxf6 Nxf6 25.Bf1 exf3 26.gxh3 Ne4 27.Bh2 Re8 28.Qc2 Rg8 29.Bf4 Qf6 30.Kd1 Qh4
31.Ke1 Rg6 32.Bd3 Nxf2 33.Qxf2 Qxf4 34.Bxg6 Rxe3+ 35.Kf1 Re2 36.Qg1 Qxc1+  0-1

[Event "ARG-ch"]
[Site "Salta"]
[Date "1987.??.??"]
[Round "12"]
[White "Sorin, Ariel"]
[Black "Herrera, Irisberto"]
[Result "1-0"]
[WhiteElo "2345"]
[BlackElo "2280"]

1.d4 Nf6 2.c4 e6 3.Nf3 Bb4+ 4.Nbd2 d6 5.a3 Bxd2+ 6.Bxd2 O-O 7.Bg5 h6 8.Bh4 Qe7
9.e3 e5 10.Be2 c5 11.O-O Re8 12.Re1 Nc6 13.d5 Nb8 14.Nd2 Nbd7 15.b4 b6 16.Rb1 Bb7
17.Bd3 g5 18.Bg3 cxb4 19.axb4 e4 20.Bc2 b5 21.c5 dxc5 22.d6 Qd8 23.bxc5 Nxc5
24.Rxb5 Rc8 25.Nb3 Nfd7 26.Nxc5 Nxc5 27.Rxb7 Nxb7 28.d7  1-0